00708nam a22002174a 450000500170000000800410001701000130005802000270007103500130009803700170011104000180012808200140014610000200016024500720018026000340025227000400028630000630032650000520038965000230044165000260046420100320141844.0060124s2005 paua 001 0 eng  aB-379397 a9781840914481c1195.00 aB-379397 bPansy Books  adplbEnglish  a712.6092  aSimms, Barbara  aJohn Brookers :cby barbara Simms bgarden and landscape designer / bConran Octopus c2007aLondon a2-4 Heron Quays, bLondon eE14 4JP a208 p. :b ill. (chiefly col.), ports., plans c29 cm(Hb)  aIncludes bibliographical references and index.  a Gardens xDesign. a Landscape gardening.